Нормален изглед
MARC изглед
- Китай
Вход 05. Топологично име
001 - Контролен номер на записа
- Контролно поле: 242505
003 - Код на организацията, даваща контролен номер
- Контролно поле: BLK
005 - Дата и час на последна промяна на записа
- Контролно поле: 20180420213214.0
008 - Данни с фиксирана дължина – обща информация
- Данни с фиксирана дължина : 180420|| aca||aabn | a|a d
151 ## - ГЕОГРАФСКА ПРЕДМЕТНА РУБРИКА
- Топоним: Китай
942 ## - Системна служебна употреба
- Koha auth type: GEOGR_NAME